| 000 | 00750nam a2200241 a 4500 | ||
|---|---|---|---|
| 001 | BRCA_2748 | ||
| 005 | 20190320203942.0 | ||
| 008 | 041208s1957----nyua---###---#000-0#eng-u | ||
| 050 | 4 |
_aN2325 _b.B83 1957 |
|
| 100 | 1 |
_aBuchner, Ernst _97741 |
|
| 245 | 1 | 0 |
_aArt treasures of the Pinakothek _cErnst Buchner ; tr. from the German by Peter Gorge. |
| 260 |
_aNew York _bH. N. Abrams _c1957 |
||
| 300 |
_a58 p. _bil., 42 láminas _c35 cm. |
||
| 500 | _aIncluye notas de las láminas. | ||
| 500 | _aAA71 | ||
| 610 | 2 | 4 |
_aPinakothek, Alte (Munich) _97742 |
| 650 | 1 | 4 |
_aPinturas europeas _97743 |
| 650 | 1 | 4 |
_aGalerías y museos _zAlemania _95059 |
| 650 | 1 | 4 |
_aPinturas _zMunich _97744 |
| 700 | 1 |
_aGorge, Peter _etr. _97745 |
|
| 902 | _aGFM | ||
| 942 |
_2lcc _cB |
||
| 999 |
_c2488 _d2488 |
||